000 00961cam a22003017a 4500
003 CHAP
005 20220329140839.0
008 971013s r 00010 d
010 _a58554
011 _a59526
035 _a63684
040 _cCHAP
090 _aR-2186
100 0 0 _aRzedowski Rotter, Jerzy.
_9101052
245 1 3 _aUn siglo de botánica en México
500 _aSobretiro de : Bol. Soc. Bot. de México (40) : 1-14, 1981
590 _aBATCH-UPD
_b10
_c20130110
_lUCH01
_h0319
590 _aBATCH-UPD
_b10
_c20130110
_lUCH01
_h1841
590 _aBATCH-UPD
_b10
_c20130409
_lUCH01
_h2352
590 _aBATCH-UPD
_b10
_c20130914
_lUCH01
_h0734
590 _aCONVERSION
_b10
_c20130109
_lUCH01
_h1331
650 1 4 _aBotánica
_xHistoria
_xMéxico.
_914555
650 1 4 _aBotánicos mexicanos.
_914699
901 _aBK
942 _cFOLL
949 _aR-2186
_bBC
_cR
_d-137138
_eTS1
_i63684
_si
949 _aR-2186
_bBC
_cR
_d33724000640892
_eTS2
_fc.2
_i63684
_si
999 _c58554
_d58554